Electrónica fundamental [ (Record no. 77483)

MARC details
000 -LEADER
campo de control de longitud fija 00617nam a2200157 i 4500
001 - NÚMERO DE CONTROL
campo de control 77483
003 - IDENTIFICADOR DE NÚMERO DE CONTROL
campo de control ES-MaACL
007 - CAMPO FIJO DE DESCRIPCIÓN FÍSICA--INFORMACIÓN GENERAL
campo de control de longitud fija t|
008 - DATOS DE LONGITUD FIJA--INFORMACIÓN GENERAL
campo de control de longitud fija 041019s1982 sp ||||1| spa d
100 1# - ENTRADA PRINCIPAL--NOMBRE DE PERSONA
Nombre de persona Angulo Usategui, José María.
9 (RLIN) 21793
245 10 - MENCIÓN DEL TÍTULO
Título Electrónica fundamental [
Medio 1. Teoría: introducción a la electrónica; electricidad. Práctica: soldadura y montajes eléctricos; el aparato de medida; componentes eléctricos y electrónicos] /
Mención de responsabilidad, etc. José María Angulo Usategui.
250 ## - MENCION DE EDICION
Mención de edición 3ª ed.
260 ## - PUBLICACIÓN, DISTRIBUCIÓN, ETC.
Lugar de publicación, distribución, etc. Madrid :
Nombre del editor, distribuidor, etc. Paraninfo,
Fecha de publicación, distribución, etc. 1982 (
Fabricante Alco)
300 ## - DESCRIPCIÓN FÍSICA
Extensión 188 p. ;
Dimensiones 22 cm.
852 ## - LOCALIZACIÓN
Ubicación ES-MaACL
Número de control de estantería L-4141
Sublocalización o colección R.104315
Holdings
Estatus retirado Estado de pérdida Estado de daño No para préstamo Biblioteca de origen Biblioteca actual Ubicación en estantería Fecha de adquisición Fuente de adquisición Total de préstamos Signatura topográfica completa Código de barras Visto por última vez Precio de reemplazo Tipo de ítem Koha
        Biblioteca del Ateneo de Madrid Biblioteca del Ateneo de Madrid Depósito 2 17/01/2008     L-4141 1081066 23/02/2023 23/02/2023 Libro impreso